| 000 | 00671nam a2200193 i 4500 | ||
|---|---|---|---|
| 001 | 26453 | ||
| 003 | ES-MaACL | ||
| 005 | 20250721063430.0 | ||
| 007 | t| | ||
| 008 | 030109s1950 sp ||||1| spa d | ||
| 100 | 1 |
_aArtola, Miguel, _d1923-2020 _923497 |
|
| 245 | 1 | 3 |
_aEl arte rupestre hispano-aquitano / _cpor Miguel Artola. |
| 260 |
_aSan Sebastián : _b[s.n., _c1950] ( _fEscelicer) |
||
| 300 |
_a16 p. ; _c21 cm. |
||
| 490 | 1 | _aPublicaciones de la Real Sociedad Vascongada de Amigos del País | |
| 830 | 0 |
_aPublicaciones de la Real Sociedad Vascongada de Amigos del País _9229171 |
|
| 852 |
_aES-MaACL _j1924-F-15 _bR.30533 |
||
| 999 |
_c26453 _d26453 |
||